000 00744nam a2200169 a 4500
008 160420s2007 ||||||||||||||||| || u
020 _a0821364960
050 _aHF 1385 Ref
100 _aMcCalla, Alex F
245 1 0 _aReforming Agricultural trade for development countries: key issues for a pro-development outcome of the Doha round
_cBy Alex F. McCalla and John Nash
260 _aWashington DC
_bWorld Bank
_c2007
300 _axx,308 p.: ill.
350 _a45.00
650 _aWORLD TRADE ORGANIZATION -- DEVELOPING COUNTRIES
650 _aDEVELOPING COUNTRIES -- COMMERCE
995 _D45.00
_FCBU-MAIN LIBRARY (Kitwe)
_M1
_UAVAILABLE
_WApr 21, 2016
_ZMain Library Open Access Collection
999 _c55851
_d55851